Statistics for Countries that start and end with A

Click here to take the quiz!

General Stats

  • This quiz has been taken 582 times
  • The average score is 8 of 9

Answer Stats

Country% Correct
Australia
94%
Austria
92%
Armenia
91%
Albania
89%
Algeria
89%
Andorra
87%
Angola
87%
Antigua and Barbuda
85%
Argentina
85%

Score Distribution

Percentile by Number Answered

Percent of People with Each Score

Your Score History

You have not taken this quiz